हमारे त्यौहार (Record no. 875)

MARC details
000 -LEADER
fixed length control field 01661 a2200301 4500
005 - DATE AND TIME OF LATEST TRANSACTION
control field 20120421150528.0
010 ## - LCCN (DPL NO)
LC control number HIN-78857
020 ## - INTERNATIONAL STANDARD BOOK NUMBER
Terms of availability 100.00
International Standard Book Number 8123012632
035 ## - SYSTEM CONTROL NUMBER
System control number HN-51203
035 ## - SYSTEM CONTROL NUMBER
System control number B-232293
037 ## - SOURCE OF ACQUISITION
Source of stock number/acquisition D. B. Act. / ven
082 ## - DEWEY DECIMAL CLASSIFICATION NUMBER
Classification number 394.26
100 ## - MAIN ENTRY--PERSONAL NAME
Personal name माथुर, शकुन्तला
245 ## - TITLE STATEMENT
Title हमारे त्यौहार
Statement of responsibility, etc शकुन्तला माथुर संपादक सुधीर तिवारी
246 ## - VARYING FORM OF TITLE
Title proper/short title Hamare Tyohar
Remainder of title by Shakuntla Mathur
250 ## - EDITION STATEMENT
Edition statement 3 रा संस्क
260 ## - PUBLICATION, DISTRIBUTION, ETC. (IMPRINT)
Place of publication, distribution, etc नई दिल्ली
Name of publisher, distributor, etc प्रकाशन विभाग
Date of publication, distribution, etc 2005
260 ## - PUBLICATION, DISTRIBUTION, ETC. (IMPRINT)
Place of publication, distribution, etc दिल्ली (वितरक) भारत पुस्तक भंडार
270 ## - ADDRESS
Address सूचना और प्रसारण मंत्रालय, भारत सरकार, पटियाला हाउस
City नई दिल्ली
Postal code 110001
270 ## - ADDRESS
Address बी ई1/,265, सोनिया विहार
300 ## - PHYSICAL DESCRIPTION
Extent 128पृ
Dimensions 22सेमी (अजिल्द)
Other physical details सचित्र
650 ## - SUBJECT ADDED ENTRY--TOPICAL TERM
Topical term or geographic name as entry element त्यौहार
650 ## - SUBJECT ADDED ENTRY--TOPICAL TERM
Topical term or geographic name as entry element Festival
700 ## - ADDED ENTRY--PERSONAL NAME
Personal name तिवारी, सुधीर
9 (RLIN) 45550
942 ## - ADDED ENTRY ELEMENTS (KOHA)
Institution code [OBSOLETE] dpl
Item type Hindi Books
Call number prefix 394.26 / माथुर
Source of classification or shelving scheme Dewey Decimal Classification
Classification part 394.26
Call number suffix माथुर
Holdings
Withdrawn status Lost status Not for loan Collection code Home library Current library Date acquired Cost, normal purchase price Full call number Barcode Copy number Cost, replacement price Koha item type
    Not For Loan Non-fiction D.B.Act.Division D.B.Act.Division 02/09/2008 100.00 394.26 माथुर HN-51203 1 100.00 Hindi Books
      Non-fiction Shahdara Branch Sarojini Nagar 21/04/2012 100.00 394.26 माथुर B-232293   100.00 Hindi Books

© Delhi Public Library
Hit Counter
free hit counter